1983 1011 1815 1502 1613 1900 1115 1801 1672 1392 1802 1105 1950 1742 1666 1787 1642 1553 1090 1221 1397 1438 1424 1561 1338 1180 1100 1177 1699 1313 1714 1011 1899 1814 1619 1692 1156 1528 1369 1677 1041 1847 1143 1191 1945 1205 1604 1014 1783 1491 1863 1417 1313 1599 1034 1390 1131 1218 1261 1116 1913 1864 1540 1018 1706 1723 1693 1587 1085 1689 1460 1196 1315 1867 1823 1783 1305 1252 1525 1166 1781 1800 1029 1480 1572 1235 1247 1625 1846 1139 1476 1404 1568 1626 1928 1323 1683 1183 1510 BCNSPRNW ULIB Ver.6.0+V

เปลี่ยนเป็นภาษาไทย

Change to English
 แสดงรายละเอียดบรรณานุกรม
  กลับหน้าหลัก

Brief Record : Get Marc (ISO 2709) : E-mail record : QR code < ปิดหน้าต่าง
LEADER : 00000nam 2200000uu 4500
001    13399124537
003     ULIB
008    150901s2552||||th 000 0 tha d
020    ^a9786115000227
090    ^aนว.^bณ429ร
100 0  ^aณารา
245 00 ^aรอยฝันตะวันเดือด/^cณารา
250    ^aพิมพ์ครั้งที่ 4
260    ^aกรุงเทพฯ :^bพิมพ์คำ,^c2552
300    ^a480 หน้า
710 1  ^aพิมพ์คำ
945    ^p0^l0^i027700
999    ^aทศพร
รายการนี้ยังไม่มีแท็ก
คุณยังไม่ได้ล็อกอิน คุณสามารถมีกิจกรรมร่วมกับเว็บไซต์ได้ แต่ต้องล็อกอินก่อน ::
  ล็อกอิน

รายการสื่อสารสนเทศ

ลำดับที่ ประเภท เลขเรียก/บาร์โค้ด สถานที่ สถานะ
1. นวนิยาย
นวนิยาย
นว. ณ429ร ฉ.1 
  Barcode: 027700
ห้องสมุดวิทยาเขตสวรรค์ประชารักษ์
►นวนิยาย
บนชั้น
  ขอยืม

รายการใกล้เคียง
    ผู้แต่ง [ณารา]

BibComment


ยังไม่เคยถูกคอมเมนท์

คอมเมนท์ทรัพยากรรายการนี้
  คอมเมนท์: รอยฝันตะวันเดือด..


 Copyright 2026. Bcnsprnw @Library